000 00754nam a2200241Ia 4500
003 OSt
005 20220923223007.0
006 a|||||r|||| 00| 0
007 ta
008 220922b |||||||| |||| 00| 0 hin d
024 _a209,749
037 _cTextual
040 _aARTS
_cARTS
_bhin
041 _2hin
_ahin
082 _aO152,3NGU5x, L9
100 _aगुप्त, योगेश
_9156290
245 0 _aअबरक के फूल
246 _aAbarak ke fūla
260 _aनई दिल्ली
_b नेशनल पब्लि हा0
_c1979
650 _aहिन्दी साहित्य
_9156264
942 _hO152,3NGU5x, L9
_cTEXL
_2CC
999 _c360298
_d360298